|
|
|
|
| LEADER |
01734nam a22002897a 4500 |
| 001 |
39648 |
| 003 |
BD-DhAAL |
| 008 |
220922t2021 ii a|||| |||| 001 0 eng d |
| 999 |
|
|
|c 44550
|d 44550
|
| 020 |
|
|
|a 9789389898118
|
| 040 |
|
|
|a BD-DhAAL
|c BD-DhAAL
|
| 082 |
|
|
|a 006.35
|2 23
|
| 100 |
|
|
|a Patel, Sunil
|9 51504
|
| 245 |
|
|
|a Getting started with deep learning for natural language processing :
|b learn how to build NLP applications with deep learning /
|c Sunil Patel.
|
| 260 |
|
|
|a Delhi :
|b BPB Publications,
|c 2021.
|
| 300 |
|
|
|a xxi, 382 pages :
|b illustrations ;
|c 24 cm.
|
| 500 |
|
|
|a Includes index.
|
| 526 |
|
|
|a CSE
|
| 541 |
|
|
|a Book Finder International, Paragon Enterprises LTD.
|e 39648, 39649, 39944, 39945
|
| 650 |
|
|
|a Natural language processing (Computer science).
|9 51505
|
| 650 |
|
|
|a Deep Learning.
|9 51506
|
| 852 |
|
|
|a Ayesha Abed Library
|c General Stacks
|
| 942 |
|
|
|2 ddc
|c BK
|
| 952 |
|
|
|0 0
|1 0
|2 ddc
|4 0
|6 006_350000000000000_PAT
|7 0
|9 71791
|a BRACUL
|b BRACUL
|c GEN
|d 2022-09-11
|e Book Finder International
|g 1129.31
|l 3
|m 37
|o 006.35 PAT
|p 3010039649
|r 2025-07-13
|s 2025-02-08
|t 2
|v 1129.31
|w 2022-09-11
|y BK
|
| 952 |
|
|
|0 0
|1 0
|2 ddc
|4 0
|6 006_350000000000000_PAT
|7 0
|9 71792
|a BRACUL
|b BRACUL
|c GEN
|d 2022-09-11
|e Book Finder International
|g 1129.31
|l 2
|m 41
|o 006.35 PAT
|p 3010039648
|r 2024-12-08
|s 2024-01-20
|t 1
|v 1129.31
|w 2022-09-11
|y BK
|
| 952 |
|
|
|0 0
|1 0
|2 ddc
|4 0
|6 006_350000000000000_PAT
|7 0
|9 72160
|a BRACUL
|b BRACUL
|c GEN
|d 2022-10-24
|e Paragon Enterprises LTD
|g 1095.00
|l 3
|m 26
|o 006.35 PAT
|p 3010039945
|r 2025-05-04
|s 2025-04-26
|t 4
|v 1095.00
|w 2022-10-24
|y BK
|
| 952 |
|
|
|0 0
|1 0
|2 ddc
|4 0
|6 006_350000000000000_PAT
|7 0
|9 72161
|a BRACUL
|b BRACUL
|c GEN
|d 2022-10-24
|e Paragon Enterprises LTD
|g 1095.00
|l 4
|m 13
|o 006.35 PAT
|p 3010039944
|r 2026-03-02
|s 2026-01-14
|t 3
|v 1095.00
|w 2022-10-24
|y BK
|